000 00714nam a2200265Ia 4500
003 OSt
005 20221006150628.0
006 a|||||r|||| 00| 0
007 ta
008 221006b |||||||| |||| 00| 0 jpn d
020 _c¥3600
024 _a19,305
037 _bGift, Japan Foundation
_cTextual
040 _aEASL
_cEASL
_bjpn
041 _2jpn
_ajpn
082 _aV42:19.N45, M5
100 _aBANNO Junji
_9470245
245 0 _aKindai nihon no gaoko to seiji
260 _aTokyo
_bKenbun Shuppan Japan
_c1985
300 _a249p.
_ccm.
490 _v JL
650 _aJL
942 _hV42:19.N45, M5
_cTEXL
_2CC
999 _c1087391
_d1087391